00624nam a2200193Ia 4500008004100000040001400041082002200055100002100077245004600098250001000144260003400154300001300188365002800201366000800229505002000237620008100257630004600338730004600384100315s9999 xx 000 0 und d cENGLISH  b4248 a658.022  a"Desai, Vasant " aSmall-Scale Industries & Entrepreneurship a2nd  aMumbai bHimalaya  c1996  a467p.   eRupees d1 b110.00  f0  gTushar Jadhav  a"Rural Industries, Capital Management, Market Mechanism, Entrepreneurship " aSmall-Scale Industries & Entrepreneurship aSmall-Scale Industries & Entrepreneurship